000 00594nam a2200193 i 4500
001 42829
003 ES-MaACL
005 20230906160703.0
007 t|
008 030314s1970 sp ||||1| spa d
100 1 _aCernuda, Luis,
_d1902-1963
_937529
245 1 0 _aAntología poética /
_cLuis Cernuda ; introducción y selección de Rafael Santos Torroella.
250 _a1ª ed.
260 _aBarcelona :
_bPlaza & Janés,
_c1970.
300 _a256 p. ;
_c19 cm.
700 1 _aSantos Torroella, Rafael.
_9103536
852 _aES-MaACL
_jC-40023
_bR.72480
999 _c42829
_d42829